| 000 | 00832nam a2200253 a 4500 | ||
|---|---|---|---|
| 001 | ASIN9089440208 | ||
| 003 | OSt | ||
| 005 | 20180116192414.0 | ||
| 008 | 130214s2009 xxu eng d | ||
| 020 |
_a9089440208 (hardcover) _c$125.00 |
||
| 020 | _a9789089440204 (hardcover) | ||
| 040 | _cdel | ||
| 082 | _a729.092 | ||
| 245 | 0 | 0 |
_aNathalie van reeth : _bA&d series 9 / |
| 260 |
_aEnghien : _bBeta-Plus (Acc), _c2009. |
||
| 300 |
_a200 p. ; _c34 cm. |
||
| 520 | _aA monograph on one of Belgium's leading architects. | ||
| 600 |
_aNathalie van reeth _96375 |
||
| 650 |
_aInterior architecture _96376 |
||
| 650 |
_aInterior decoration _96377 |
||
| 856 | 4 | 0 |
_3Amazon.com _uhttp://www.amazon.com/exec/obidos/ASIN/9089440208/chopaconline-20 |
| 942 |
_2ddc _cREF |
||
| 999 |
_c353658 _d353658 |
||